000 00749nam a2200265 a 4500
008
020 _a0521349036 (pbk.)
049 _aMAIN
090 0 0 _aRM300
100 1 0 _aOkpako, D. T.
245 1 0 _aPrinciples of pharmacology :
_ba tropical approach /
_cD.T. Okpako.
250 _a2nd ed.
260 0 _aCambridge :
_bCambridge University Press,
_c1991.
300 _axvi, 574 p. :
_bill. ;
_c24 cm.
504 _aIncludes bibliographies.
500 _aIncludes index.
650 0 _aPharmacology.
650 2 _aDrug Therapy.
650 2 _aTropical Medicine.
907 _a.b10136253
_b20-09-04
_c16-09-04
003
005 20230123133826.0
040 _cNUST
942 _cBOOKS
_kRM300
999 _c155283
_d155283